Stati dell'Organizzazione degli Stati ibero-americani - Statistics

Statistiche generali
  • Questo quiz è stato fatto 3 volte
  • Il punteggio medio è 22 su 23
Statistiche sulle risposte
Continente Nazione % Corretto
Europa Andorra
100%
America del Sud Argentina
100%
America del Sud Bolivia
100%
America del Sud Brasile
100%
America del Sud Colombia
100%
America del Nord Costa Rica
100%
America del Nord Cuba
100%
America del Sud Ecuador
100%
America del Nord El Salvador
100%
America del Nord Guatemala
100%
America del Nord Honduras
100%
America del Nord Messico
100%
America del Nord Nicaragua
100%
America del Nord Panama
100%
America del Sud Paraguay
100%
America del Sud Perù
100%
Europa Portogallo
100%
America del Nord Repubblica Dominicana
100%
Europa Spagna
100%
America del Sud Uruguay
100%
America del Sud Venezuela
100%
America del Sud Cile
50%
America del Nord Guinea Equatoriale
0%
Nessun quiz corrispondente trovato
Distribuzione punteggi
Percentuale di utenti per punteggio
Percentile per numero di risposta
I tuoi punteggi nel tempo
Non hai fatto questo quiz